[Event "Russian Championship Superfinal"]
[Site "Moscow RUS"]
[Date "2020.12.15"]
[Round "10"]
[White "Vladimir Fedoseev"]
[Black "Daniil Dubov"]
[Result "1-0"]
[EventDate "2020.12.05"]
[WhiteElo "2674"]
[BlackElo "2702"]
[PlyCount "123"]

1. e4 e5 2. Nf3 Nc6 3. Bc4 d6 4. c3 f5 5. d3 Qf6 6. Ng5 Nh6 7. f4 Bd7 8. O-O O-O-O 9. exf5 exf4 10. Bxf4 Bxf5 11. Nf3 Nf7 12. Bg3 Nfe5 13. Bb5 Be7 14. d4 Nxf3+ 15. Qxf3 Bd7 16. Qe2 Qg6 17. Bxc6 Bxc6 18. Qxe7 Rde8 19. Qf7 Re2 20. Qf5+ Qxf5 21. Rxf5 Rxg2+ 22. Kf1 Rxb2 23. Rf2 Rb5 24. Nd2 h5 25. c4 Rg5 26. Re1 h4 27. Bf4 Ra5 28. Nb3 Ra4 29. c5 g5 30. Be3 g4 31. cxd6 g3 32. hxg3 hxg3 33. Rc2 Bb5+ 34. Kg1 Rc4 35. Rxc4 Bxc4 36. Bf4 cxd6 37. Bxd6 Kd7 38. Bxg3 Rg8 39. Kf2 b6 40. Rc1 Rc8 41. Ke3 a5 42. Rc2 Rc6 43. Nd2 Bd5 44. Rxc6 Kxc6 45. a3 b5 46. Kd3 b4 47. a4 Bg2 48. Nb3 Kd5 49. Be1 Be4+ 50. Ke3 Bc2 51. Nxa5 b3 52. Bc3 b2 53. Bxb2 Bxa4 54. Nb7 Bc6 55. Nc5 Ba8 56. Nd3 Bb7 57. Ba3 Ba8 58. Bc5 Bb7 59. Kf4 Ke6 60. Kg5 Be4 61. Nf4+ Kd7 62. Kf6 1-0

[Event "Russian Championship Superfinal"]
[Site "Moscow RUS"]
[Date "2020.12.14"]
[Round "9"]
[White "Daniil Dubov"]
[Black "Ian Nepomniachtchi"]
[Result "1-0"]
[EventDate "2020.12.05"]
[WhiteElo "2702"]
[BlackElo "2784"]
[PlyCount "79"]

1. d4 Nf6 2. c4 g6 3. Nc3 d5 4. cxd5 Nxd5 5. e4 Nxc3 6. bxc3 Bg7 7. Bb5+ c6 8. Ba4 b5 9. Bb3 a5 10. Nf3 O-O 11. O-O a4 12. Bc2 c5 13. Rb1 Nc6 14. d5 Ne5 15. Nxe5 Bxe5 16. Bh6 Ba6 17. Bxf8 Kxf8 18. f4 Bxc3 19. Rf3 Qa5 20. e5 Kg8 21. Kh1 Rd8 22. e6 fxe6 23. Bxg6 hxg6 24. Qc2 Bg7 25. Rg3 g5 26. Qg6 Qd2 27. Rxg5 Qc3 28. Qxe6+ Kf8 29. Re1 Qxe1+ 30. Qxe1 Bf6 31. Qh4 Rd6 32. Qh7 Ke8 33. Qg8+ Kd7 34. Qa8 Bxg5 35. fxg5 c4 36. h4 b4 37. Qa7+ Ke8 38. Qb8+ Kf7 39. Qxb4 Rxd5 40. Qxa4 1-0

[Event "Russian Championship Superfinal"]
[Site "Moscow RUS"]
[Date "2020.12.13"]
[Round "8"]
[White "Alexey Goganov"]
[Black "Daniil Dubov"]
[Result "0-1"]
[EventDate "2020.12.05"]
[WhiteElo "2594"]
[BlackElo "2702"]
[PlyCount "72"]

1. d4 Nf6 2. c4 e6 3. Nf3 d5 4. g3 dxc4 5. Bg2 a6 6. O-O Nc6 7. Bg5 Be7 8. e3 O-O 9. Qc1 h6 10. Bxf6 Bxf6 11. Nfd2 e5 12. d5 Ne7 13. Nxc4 Nxd5 14. Rd1 e4 15. Bxe4 c6 16. Nc3 Be6 17. Ne2 Qe7 18. Nd4 Bg4 19. Bf3 Bh3 20. Bg2 Bxg2 21. Kxg2 Rfd8 22. a3 c5 23. Nf3 b5 24. Ncd2 c4 25. e4 Nb6 26. Re1 Nd7 27. Re2 Nc5 28. e5 Bg5 29. Nxg5 hxg5 30. Qc2 Rd3 31. Rae1 Rad8 32. Ne4 Qb7 33. Kg1 Ne6 34. Re3 g4 35. Rxd3 cxd3 36. Qc1 Nd4 0-1

[Event "Russian Championship Superfinal"]
[Site "Moscow RUS"]
[Date "2020.12.12"]
[Round "7"]
[White "Daniil Dubov"]
[Black "Nikita Vitiugov"]
[Result "1/2-1/2"]
[EventDate "2020.12.05"]
[WhiteElo "2702"]
[BlackElo "2720"]
[PlyCount "119"]

1. Nf3 d5 2. d4 Nf6 3. c4 c6 4. cxd5 cxd5 5. Nc3 Nc6 6. Bf4 a6 7. Rc1 Bf5 8. Ne5 Rc8 9. Qa4 Bd7 10. Nxd7 Qxd7 11. e3 e6 12. Be2 Bd6 13. Bg5 h6 14. Bxf6 gxf6 15. O-O f5 16. Qd1 Ne7 17. Kh1 Kf8 18. Rc2 Rc7 19. Bd3 h5 20. f3 h4 21. e4 Bf4 22. Ne2 Rxc2 23. Bxc2 Bb8 24. exf5 exf5 25. Qd2 Qd6 26. f4 Rh6 27. Ng1 Nc6 28. Bxf5 Rf6 29. Bg4 Rxf4 30. Rxf4 Qxf4 31. Qxf4 Bxf4 32. Bc8 Nxd4 33. Bxb7 a5 34. Bxd5 Ke7 35. Bc4 f6 36. Nh3 Bc1 37. b3 Kd6 38. Nf2 Be3 39. Nd1 Bd2 40. Kg1 Kc5 41. Kf2 Kb4 42. Ne3 Ka3 43. Bf7 Bb4 44. Nc4+ Kxa2 45. Nxa5 Kb2 46. Nb7 Kc3 47. Ke3 Nf5+ 48. Kf3 Nd6 49. Nd8 Ba5 50. Nc6 Bc7 51. Ne7 Bd8 52. Nd5+ Kxb3 53. Bg8 Kc4 54. Nf4+ Kc3 55. Kg4 f5+ 56. Kf3 Ne4 57. Be6 Ng5+ 58. Ke2 Kd4 59. Bc8 Bc7 60. Ne6+ 1/2-1/2

[Event "Russian Championship Superfinal"]
[Site "Moscow RUS"]
[Date "2020.12.10"]
[Round "6"]
[White "Mikhail Antipov"]
[Black "Daniil Dubov"]
[Result "1/2-1/2"]
[EventDate "2020.12.05"]
[WhiteElo "2611"]
[BlackElo "2702"]
[PlyCount "113"]

1. g3 d5 2. Nf3 g6 3. Bg2 Bg7 4. d4 Nf6 5. O-O O-O 6. c3 c6 7. a4 a5 8. Qb3 Ra7 9. h3 Bf5 10. Bf4 Nbd7 11. Nbd2 Ne4 12. g4 Nxd2 13. Nxd2 Be6 14. e3 Nf6 15. Qc2 Ra8 16. Rae1 Ne8 17. c4 dxc4 18. Nxc4 Nc7 19. Be5 Nd5 20. Bxg7 Kxg7 21. Ne5 Nb4 22. Qc3 f6 23. Nd3 Nxd3 24. Qxd3 Ra6 25. e4 Rb6 26. d5 Bf7 27. Qc3 cxd5 28. exd5 Rd6 29. Qb3 b6 30. Re3 Bxd5 31. Bxd5 Rxd5 32. Rxe7+ Qxe7 33. Qxd5 Rd8 34. Qf3 Rd4 35. Rd1 Qe4 36. Qxe4 Rxe4 37. Rd7+ Kh6 38. Rd6 Rb4 39. Kg2 Kg7 40. Rd7+ Kg8 41. Rb7 Rxb2 42. Kg3 Rb4 43. f4 Rb3+ 44. Kh4 Rb4 45. Kg3 h6 46. h4 h5 47. g5 fxg5 48. fxg5 Kf8 49. Kf3 Ke8 50. Rg7 Rxa4 51. Rxg6 b5 52. Ra6 Ke7 53. Ra7+ Kd6 54. g6 Rxh4 55. Rxa5 Kc5 56. Ra2 Rd4 57. Rh2 1/2-1/2

[Event "Russian Championship Superfinal"]
[Site "Moscow RUS"]
[Date "2020.12.09"]
[Round "5"]
[White "Daniil Dubov"]
[Black "Vladislav Artemiev"]
[Result "1/2-1/2"]
[EventDate "2020.12.05"]
[WhiteElo "2702"]
[BlackElo "2711"]
[PlyCount "49"]

1. e4 c5 2. Nf3 e6 3. d4 cxd4 4. Nxd4 Nf6 5. Nc3 Nc6 6. Be2 d6 7. Be3 Bd7 8. Qd2 a6 9. O-O-O b5 10. a3 b4 11. axb4 Nxb4 12. Kb1 e5 13. Nf5 d5 14. Bg5 Be6 15. f4 Qa5 16. Bxf6 gxf6 17. fxe5 fxe5 18. Qg5 Rc8 19. Ne3 Rxc3 20. bxc3 Bc5 21. cxb4 Qxb4+ 22. Kc1 Qa3+ 23. Kb1 Qb4+ 24. Kc1 Qa3+ 25. Kb1 1/2-1/2

[Event "Russian Championship Superfinal"]
[Site "Moscow RUS"]
[Date "2020.12.08"]
[Round "4"]
[White "Peter Svidler"]
[Black "Daniil Dubov"]
[Result "1/2-1/2"]
[EventDate "2020.12.05"]
[WhiteElo "2723"]
[BlackElo "2702"]
[PlyCount "80"]

1. e4 e5 2. Nf3 Nc6 3. Bb5 a6 4. Ba4 Nf6 5. O-O b5 6. Bb3 Bc5 7. a4 Rb8 8. c3 d6 9. d4 Bb6 10. axb5 axb5 11. Qd3 O-O 12. Bg5 exd4 13. cxd4 h6 14. Bh4 g5 15. Bg3 Nh5 16. Rc1 Ne7 17. Nc3 Kg7 18. Nxb5 Ng6 19. Nc3 Nhf4 20. Qd2 f5 21. Bc2 fxe4 22. Bxe4 g4 23. Ne1 Qg5 24. Rc2 Bf5 25. Bxf4 Nxf4 26. Nd3 Bxe4 27. Nxe4 Qf5 28. Nxf4 Qxf4 29. Qd3 Qf5 30. Rd2 Rbe8 31. Ng3 Qxd3 32. Rxd3 Kg6 33. Kf1 Re7 34. Re1 Rxe1+ 35. Kxe1 Ra8 36. Ne2 Ra2 37. Rb3 Ra4 38. Rd3 Ra2 39. Rb3 Ra4 40. Rd3 Ra2 1/2-1/2

[Event "Russian Championship Superfinal"]
[Site "Moscow RUS"]
[Date "2020.12.07"]
[Round "3"]
[White "Daniil Dubov"]
[Black "Maxim Matlakov"]
[Result "1/2-1/2"]
[EventDate "2020.12.05"]
[WhiteElo "2702"]
[BlackElo "2698"]
[PlyCount "96"]

1. d4 Nf6 2. c4 e6 3. Nf3 d5 4. Nc3 Nbd7 5. g3 dxc4 6. Bg2 c6 7. O-O Be7 8. e4 O-O 9. a4 b5 10. axb5 cxb5 11. e5 Nd5 12. Nd2 Nxc3 13. bxc3 Rb8 14. Rxa7 Qb6 15. Ra1 Bb7 16. Ne4 Bd5 17. Qg4 Kh8 18. Bg5 Bxg5 19. Nxg5 Bxg2 20. Kxg2 h6 21. Ne4 Qc6 22. Qf3 b4 23. cxb4 Rxb4 24. Rfb1 Rb3 25. Rxb3 cxb3 26. Rb1 Rb8 27. Nc5 Nxe5 28. Qxc6 Nxc6 29. Rxb3 Rd8 30. Rf3 Kg8 31. Nb3 g5 32. h3 Kg7 33. Rc3 Nxd4 34. Nxd4 Rxd4 35. g4 h5 36. Kg3 h4+ 37. Kg2 Kf6 38. Rc7 Rd6 39. Ra7 e5 40. Ra8 Ke6 41. Rg8 f6 42. Ra8 e4 43. Ra5 Rd5 44. Ra8 Ke5 45. Re8+ Kf4 46. Re6 f5 47. Rf6 Ra5 48. Rf8 Rb5 1/2-1/2

[Event "Russian Championship Superfinal"]
[Site "Moscow RUS"]
[Date "2020.12.06"]
[Round "2"]
[White "Maksim Chigaev"]
[Black "Daniil Dubov"]
[Result "1-0"]
[EventDate "2020.12.05"]
[WhiteElo "2619"]
[BlackElo "2702"]
[PlyCount "73"]

1. e4 c5 2. Nf3 Nc6 3. Bb5 g6 4. Bxc6 bxc6 5. O-O Bg7 6. Re1 Nh6 7. c3 O-O 8. h3 f5 9. e5 Nf7 10. d3 h6 11. d4 cxd4 12. cxd4 e6 13. b3 c5 14. Ba3 d6 15. Nbd2 Re8 16. Nc4 Bb7 17. dxc5 dxe5 18. Nfxe5 Nxe5 19. Nxe5 Be4 20. Nc4 Bxa1 21. Qxa1 Qg5 22. g3 e5 23. Nxe5 Re6 24. Qd4 Rae8 25. Nd7 Bc6 26. Rxe6 Rxe6 27. Ne5 Qf6 28. Bb2 f4 29. gxf4 Be8 30. Kh2 Re7 31. c6 Bxc6 32. Qc4+ Kh7 33. Qxc6 Qxc6 34. Nxc6 Re2 35. Bd4 Rxa2 36. Nxa7 Rd2 37. Bc5 1-0

[Event "Russian Championship Superfinal"]
[Site "Moscow RUS"]
[Date "2020.12.05"]
[Round "1"]
[White "Daniil Dubov"]
[Black "Andrey Esipenko"]
[Result "1-0"]
[EventDate "2020.12.05"]
[WhiteElo "2702"]
[BlackElo "2686"]
[PlyCount "71"]

1. d4 Nf6 2. c4 e6 3. Nf3 d5 4. g3 Be7 5. Bg2 O-O 6. Qc2 c5 7. dxc5 d4 8. b4 a5 9. b5 Bxc5 10. Nbd2 Nbd7 11. Nb3 Bb4+ 12. Bd2 Bxd2+ 13. Nfxd2 a4 14. Nxd4 e5 15. Nf5 Nc5 16. Ne3 e4 17. O-O Qd4 18. Nd5 Nxd5 19. cxd5 e3 20. Nc4 exf2+ 21. Kh1 Bd7 22. Rad1 Qf6 23. d6 Rae8 24. Nb6 Re5 25. Qxc5 Rxc5 26. Nxd7 Qg5 27. Nxf8 Kxf8 28. d7 Qd8 29. Rxf2 Rc7 30. Bh3 g6 31. Rf6 Kg8 32. Rfd6 Rc2 33. R6d2 Rc7 34. Rd3 f5 35. b6 Rc2 36. Re3 1-0

[Event "RUS-chT"]
[Site "Sochi"]
[Date "2020.11.21"]
[Round "3.2"]
[White "Aleksandra Goryachkina"]
[Black "Daniil Dubov"]
[Result "0-1"]
[EventDate "?"]
[WhiteElo "2592"]
[BlackElo "2699"]
[Source "chessbites.com; date by Chess Assistant 21"]
[PlyCount "70"]

1. Nf3 Nf6 2. c4 e6 3. g3 d5 4. d4 Be7 5. Bg2 O-O 6. Nc3 dxc4 7. Ne5 Nc6 8. Bxc6 bxc6 9. Nxc6 Qe8 10. Nxe7+ Qxe7 11. Qa4 Nd5 12. Qxc4 a5 13. Bd2 Ba6 14. Qc5 Qd7 15. f3 Rfb8 16. Rb1 Rb6 17. Kf2 Rc6 18. Qa3 Nb6 19. Be3 Nc4 20. Qb3 Rb6 21. Qc2 Rab8 22. b3 Na3 23. Qd2 Nxb1 24. Rxb1 Rd8 25. Ne4 Rb5 26. Rc1 e5 27. dxe5 Rd5 28. Qc2 Qh3 29. Rh1 Rxe5 30. Qxc7 Rde8 31. Bf4 R5e7 32. Qxa5 Bxe2 33. Ng5 Qd7 34. Re1 Qd4+ 35. Kg2 h6 0-1

[Event "FIDE Online Olympiad"]
[Site "Chess.com"]
[Date "2020.08.23"]
[Round "8"]
[White "Gabriel Sargissian"]
[Black "Daniil Dubov"]
[Result "1/2-1/2"]
[EventDate "2020.08.21"]
[WhiteElo "2693"]
[BlackElo "2770"]
[Source "Chess-Results"]
[PlyCount "70"]

1. d4 Nf6 2. c4 e6 3. Nf3 d5 4. g3 Be7 5. Bg2 O-O 6. O-O dxc4 7. Qc2 b5 8. a4 b4 9. Nfd2 Nd5 10. Nxc4 c5 11. dxc5 Ba6 12. Nbd2 Bxc5 13. Nb3 Nd7 14. Nxc5 Nxc5 15. Ne3 Rc8 16. Nxd5 exd5 17. Bh3 Rc6 18. Be3 d4 19. Rfd1 Qe8 20. Rxd4 Ne6 21. Qd2 Nxd4 22. Qxd4 Qe7 23. Qxa7 Qxa7 24. Bxa7 Bxe2 25. a5 Bf3 26. Bg2 Bxg2 27. Kxg2 Ra8 28. Bb6 Rc2 29. Ra4 Rxb2 30. a6 b3 31. a7 Ra2 32. Rb4 h6 33. Rxb3 R2xa7 34. Bxa7 Rxa7 35. h4 h5 1/2-1/2

[Event "FIDE Online Olympiad"]
[Site "Chess.com"]
[Date "2020.08.22"]
[Round "4"]
[White "Ali Nassr"]
[Black "Daniil Dubov"]
[Result "0-1"]
[EventDate "2020.08.21"]
[WhiteElo "2193"]
[BlackElo "2770"]
[Source "Chess-Results"]
[PlyCount "116"]

1. d4 Nf6 2. Bf4 d6 3. Nf3 Bf5 4. e3 Nbd7 5. h3 h6 6. c4 e5 7. Bh2 c6 8. Nc3 Qc7 9. Be2 Be7 10. O-O O-O 11. Rc1 Rad8 12. b4 Ne4 13. Qb3 Nxc3 14. Qxc3 e4 15. Nd2 Qc8 16. c5 d5 17. b5 cxb5 18. Bxb5 Nb8 19. Qa5 Nc6 20. Qc7 Qxc7 21. Bxc7 Rc8 22. Bxc6 bxc6 23. Bh2 Ra8 24. Rb1 Bc8 25. Rb3 Ba6 26. Rfb1 Rfc8 27. Rb8 Bb5 28. Rxc8+ Rxc8 29. a4 Bxa4 30. Ra1 Bb5 31. Rxa7 Bg5 32. Rb7 Ra8 33. Rb8+ Rxb8 34. Bxb8 Bd8 35. Nf1 f5 36. Ng3 g6 37. f3 Kf7 38. Kf2 Bh4 39. Ke1 g5 40. Kd2 exf3 41. gxf3 Kg6 42. Ne2 Bf2 43. Be5 h5 44. Nc3 Bf1 45. e4 fxe4 46. fxe4 dxe4 47. Nxe4 Bh4 48. Nd6 Bxh3 49. d5 Bg2 50. dxc6 Bxc6 51. Nc8 Kf5 52. Na7 Bd5 53. Bh2 g4 54. c6 g3 55. c7 Be6 56. Bg1 Bg5+ 57. Ke1 h4 58. c8=Q Bxc8 0-1

[Event "FIDE Online Olympiad"]
[Site "Chess.com"]
[Date "2020.08.22"]
[Round "6"]
[White "Daniil Dubov"]
[Black "Gawain Jones"]
[Result "1-0"]
[EventDate "2020.08.21"]
[WhiteElo "2770"]
[BlackElo "2609"]
[Source "Chess-Results"]
[PlyCount "137"]

1. e4 c5 2. Nf3 d6 3. d4 cxd4 4. Nxd4 Nf6 5. Nc3 g6 6. Bc4 Bg7 7. O-O O-O 8. Re1 Nc6 9. h3 Nxd4 10. Qxd4 b6 11. e5 dxe5 12. Qxe5 Bb7 13. Qxe7 Qc8 14. Bg5 Bxg2 15. Kxg2 Qxc4 16. Qb7 Rac8 17. Qf3 Qc6 18. Rad1 b5 19. Re2 b4 20. Bxf6 Qxf3+ 21. Kxf3 Bxf6 22. Nd5 Kg7 23. Nxf6 Kxf6 24. Rd7 a5 25. Rd6+ Kg7 26. Rd5 Ra8 27. Ree5 Rfc8 28. Rc5 a4 29. b3 Rd8 30. Rc4 Rd1 31. Rxb4 Ra1 32. Rxa4 Rxa4 33. bxa4 Rxa2 34. a5 Rxc2 35. Re2 Rc7 36. Ra2 Kf6 37. a6 Ra7 38. Ke4 Ke6 39. f4 h6 40. f5+ Kd6 41. Kf4 Kd5 42. h4 Kd4 43. Ra1 Kd5 44. Ra2 Kd4 45. Ra5 Kc4 46. Ke5 g5 47. hxg5 hxg5 48. Kf6 g4 49. Ra3 Kd5 50. Kg5 g3 51. Rxg3 Rxa6 52. Re3 Kd4 53. Re7 f6+ 54. Kg6 Kd5 55. Re1 Rb6 56. Re2 Ra6 57. Kf7 Rb6 58. Re6 Rb1 59. Kxf6 Rh1 60. Re8 Kd6 61. Rd8+ Kc7 62. Rd2 Rf1 63. Kg6 Rg1+ 64. Kf7 Rf1 65. f6 Kc6 66. Kg7 Rg1+ 67. Kf8 Rf1 68. f7 Kc7 69. Rg2 1-0

[Event "FIDE Online Olympiad"]
[Site "Chess.com"]
[Date "2020.08.21"]
[Round "2"]
[White "Daniil Dubov"]
[Black "Vahap Sanal"]
[Result "1-0"]
[EventDate "2020.08.21"]
[WhiteElo "2770"]
[BlackElo "2536"]
[Source "Chess-Results"]
[PlyCount "67"]

1. d4 Nf6 2. Nf3 e6 3. c4 b6 4. g3 Bb7 5. Bg2 Be7 6. Nc3 Ne4 7. Bd2 Nxd2 8. Qxd2 d6 9. O-O O-O 10. e4 Nd7 11. Rfe1 c6 12. Rad1 Re8 13. h4 a6 14. e5 d5 15. cxd5 cxd5 16. Ne2 a5 17. Nc3 Ba6 18. Bf1 Qc8 19. Rc1 Bxf1 20. Kxf1 Qa6+ 21. Qe2 Bb4 22. Qxa6 Rxa6 23. Re2 Bxc3 24. Rxc3 Raa8 25. Rc7 Red8 26. Rec2 Kf8 27. R2c6 Ke8 28. h5 h6 29. g4 Rab8 30. g5 b5 31. g6 Ke7 32. gxf7 Kxf7 33. Rd6 Ke7 34. Nh4 1-0

[Event "Chessable Masters"]
[Site "chess24.com INT"]
[Date "2020.06.22"]
[Round "6.2"]
[White "Alexander Grischuk"]
[Black "Daniil Dubov"]
[Result "1/2-1/2"]
[EventDate "2020.06.20"]
[WhiteElo "2777"]
[BlackElo "2699"]
[PlyCount "86"]

1. e4 c5 2. Nc3 Nc6 3. Nge2 g6 4. d4 cxd4 5. Nxd4 Bg7 6. Be3 Nf6 7. Bc4 O-O 8. Bb3 Re8 9. f4 d6 10. Qf3 Bd7 11. O-O Nxd4 12. Bxd4 Bc6 13. f5 Rf8 14. Rad1 Nd7 15. Kh1 Bxd4 16. Rxd4 Kg7 17. Qg3 Qb6 18. Rd2 Nf6 19. e5 dxe5 20. fxg6 hxg6 21. Qxe5 Rad8 22. Rdf2 Rd7 23. Ne2 Qb5 24. Qc3 Qg5 25. Nd4 Rc8 26. Nxc6 Rxc6 27. Qf3 Rcd6 28. g3 Rd2 29. Kg2 e6 30. Rxd2 Rxd2+ 31. Rf2 b6 32. h4 Rxf2+ 33. Qxf2 Qe5 34. c3 Qe4+ 35. Qf3 Qe1 36. Qf2 Qc1 37. Qe2 a5 38. Bc4 g5 39. hxg5 Qxg5 40. a3 Ng4 41. Bd3 Ne3+ 42. Kf2 Nd5 43. Be4 Nf6 1/2-1/2

[Event "Chessable Masters"]
[Site "chess24.com INT"]
[Date "2020.06.22"]
[Round "7.3"]
[White "Daniil Dubov"]
[Black "Vladislav Artemiev"]
[Result "1-0"]
[EventDate "2020.06.25"]
[WhiteElo "2699"]
[BlackElo "2716"]
[PlyCount "67"]

1. d4 d5 2. c4 c6 3. Nf3 Nf6 4. Nc3 e6 5. Bg5 Nbd7 6. e3 Qa5 7. Nd2 Bb4 8. Rc1 O-O 9. Be2 Bxc3 10. Rxc3 Qxa2 11. Qc1 Qa5 12. Ra3 Qd8 13. e4 h6 14. h4 Qe8 15. e5 Nh7 16. Rg3 Kh8 17. Nf3 f5 18. exf6 Ndxf6 19. Bxf6 Nxf6 20. Ne5 Ne4 21. Re3 c5 22. dxc5 Rf5 23. Rxe4 dxe4 24. Qc3 b6 25. g4 Rxe5 26. Qxe5 Qc6 27. g5 h5 28. O-O Qxc5 29. Qxe4 Rb8 30. Qg6 Qf5 31. Qe8+ Kh7 32. Rd1 Bb7 33. Qxb8 Qe4 34. Bd3 1-0

[Event "Chessable Masters"]
[Site "chess24.com INT"]
[Date "2020.06.22"]
[Round "8.1"]
[White "Pentala Harikrishna"]
[Black "Daniil Dubov"]
[Result "1/2-1/2"]
[EventDate "2020.06.25"]
[WhiteElo "2719"]
[BlackElo "2699"]
[PlyCount "71"]

1. d4 Nf6 2. Nf3 d5 3. Bf4 c5 4. e3 Nc6 5. Nbd2 Nh5 6. dxc5 Nxf4 7. exf4 g6 8. c3 Bg7 9. g3 O-O 10. Bg2 b6 11. cxb6 Qxb6 12. Qb3 Qa5 13. O-O Rb8 14. Qc2 Bf5 15. Qc1 Qb6 16. Nb3 a5 17. Rd1 Rfc8 18. Rxd5 Be6 19. Rd2 a4 20. Nbd4 Nxd4 21. Nxd4 Bxd4 22. Rxd4 Qxd4 23. cxd4 Rxc1+ 24. Rxc1 Bxa2 25. Bc6 Rxb2 26. Bxa4 Rb4 27. Bc6 Rxd4 28. h4 Bd5 29. Bxd5 Rxd5 30. Kg2 h5 31. Rc7 e6 32. Rc2 Kg7 33. Ra2 Kg8 34. Rc2 Kg7 35. Ra2 Kg8 36. Rc2 1/2-1/2

[Event "Chessable Masters"]
[Site "chess24.com INT"]
[Date "2020.06.22"]
[Round "9.2"]
[White "Daniil Dubov"]
[Black "Magnus Carlsen"]
[Result "0-1"]
[EventDate "2020.06.20"]
[WhiteElo "2699"]
[BlackElo "2863"]
[PlyCount "50"]

1. d4 Nf6 2. Nf3 d5 3. c4 c6 4. Nc3 e6 5. g3 Nbd7 6. Bg2 Be7 7. O-O O-O 8. b3 b6 9. Re1 Ba6 10. Nd2 Rc8 11. Bb2 c5 12. dxc5 Nxc5 13. b4 Nce4 14. Ncxe4 dxe4 15. b5 Bb7 16. e3 Bb4 17. Re2 Qd3 18. Rb1 Bc3 19. Ba3 Rfd8 20. Rb3 Qxc4 21. Qe1 Qd5 22. Bb4 Qxb3 23. axb3 Bxb4 24. Bf1 a5 25. Qd1 h6 0-1

[Event "Chessable Masters"]
[Site "chess24.com INT"]
[Date "2020.06.20"]
[Round "1.2"]
[White "Daniil Dubov"]
[Black "Alexander Grischuk"]
[Result "1/2-1/2"]
[EventDate "2020.06.20"]
[WhiteElo "2699"]
[BlackElo "2777"]
[PlyCount "84"]

1. d4 Nf6 2. c4 e6 3. Nf3 d5 4. Nc3 Be7 5. Bf4 O-O 6. e3 Nbd7 7. c5 c6 8. Bd3 b6 9. b4 a5 10. a3 Ba6 11. O-O Qc8 12. Rb1 axb4 13. axb4 Bxd3 14. Qxd3 Qb7 15. Rfc1 Ra7 16. h3 Rfa8 17. Qc2 b5 18. Nd2 Nf8 19. Nb3 Ng6 20. Bg3 Bd8 21. Ra1 Rxa1 22. Rxa1 Rxa1+ 23. Nxa1 Qa6 24. Qb2 Ne4 25. Nxe4 dxe4 26. Bd6 Qa4 27. Nc2 Ne7 28. Bxe7 Bxe7 29. Qb1 g6 30. Kf1 f5 31. Ke2 Bf6 32. f3 exf3+ 33. gxf3 Kf7 34. f4 Ke7 35. Kd2 Kd7 36. Kc3 Bh4 37. Kb2 Qa8 38. Qh1 Kc7 39. Na1 Qa4 40. Nc2 Qa8 41. Na1 Qa4 42. Nc2 Qa8 1/2-1/2

[Event "Chessable Masters"]
[Site "chess24.com INT"]
[Date "2020.06.20"]
[Round "2.3"]
[White "Vladislav Artemiev"]
[Black "Daniil Dubov"]
[Result "1-0"]
[EventDate "2020.06.25"]
[WhiteElo "2716"]
[BlackElo "2699"]
[PlyCount "59"]

1. Nf3 d5 2. d4 Nf6 3. c4 e6 4. e3 a6 5. b3 c5 6. Bd3 Nc6 7. Bb2 cxd4 8. exd4 Qa5+ 9. Nbd2 Ba3 10. Qc1 Bxb2 11. Qxb2 dxc4 12. bxc4 O-O 13. O-O Rb8 14. Ne4 Nxe4 15. Bxe4 Bd7 16. d5 exd5 17. cxd5 Ne7 18. Ne5 Rfd8 19. Rfd1 Ng6 20. Nc4 Qc7 21. Rac1 Qf4 22. Qd4 f5 23. Bf3 Qxd4 24. Rxd4 b5 25. Na5 Ne5 26. d6 Rbc8 27. Rc7 Be6 28. Bd5 Bxd5 29. Rxd5 Nf7 30. Nc6 1-0

[Event "Chessable Masters"]
[Site "chess24.com INT"]
[Date "2020.06.20"]
[Round "3.1"]
[White "Daniil Dubov"]
[Black "Pentala Harikrishna"]
[Result "1-0"]
[EventDate "2020.06.25"]
[WhiteElo "2699"]
[BlackElo "2719"]
[PlyCount "119"]

1. d4 Nf6 2. c4 e6 3. Nf3 b6 4. g3 Ba6 5. Qc2 Bb7 6. Bg2 c5 7. O-O cxd4 8. Nxd4 Bxg2 9. Kxg2 Qc8 10. e4 d6 11. Rd1 a6 12. Qe2 Nbd7 13. Nc3 Be7 14. Nf3 O-O 15. Bf4 Qc7 16. Rac1 Rac8 17. b3 h6 18. e5 dxe5 19. Nxe5 Qb7+ 20. Qf3 Qxf3+ 21. Kxf3 Rfd8 22. Nxd7 Nxd7 23. Ke2 Kf8 24. Rd3 Nc5 25. Rxd8+ Bxd8 26. Be3 Be7 27. g4 Ke8 28. f3 Bg5 29. f4 Be7 30. f5 Rc6 31. fxe6 fxe6 32. h3 Bf6 33. b4 Bxc3 34. Rxc3 Ne4 35. Rc1 Kd7 36. a4 e5 37. b5 axb5 38. axb5 Rf6 39. Ra1 Ng3+ 40. Kd3 Rf3 41. Ra7+ Kc8 42. Rxg7 Nf1 43. Ke2 Rxe3+ 44. Kxf1 Rxh3 45. Rg6 Rc3 46. Rxh6 Kd7 47. Rc6 Ke7 48. Ke2 e4 49. g5 Kf7 50. Kd2 Rd3+ 51. Ke2 Rc3 52. Rxb6 Rxc4 53. Ke3 Rb4 54. Rf6+ Kg7 55. b6 Kh7 56. Kf4 Kg7 57. Rc6 Kf7 58. Rc7+ Kg6 59. b7 Kh5 60. Rg7 1-0

[Event "Chessable Masters"]
[Site "chess24.com INT"]
[Date "2020.06.20"]
[Round "4.2"]
[White "Magnus Carlsen"]
[Black "Daniil Dubov"]
[Result "0-1"]
[EventDate "2020.06.20"]
[WhiteElo "2863"]
[BlackElo "2699"]
[PlyCount "92"]

1. d4 Nf6 2. Nf3 c6 3. h3 d6 4. Bf4 Nbd7 5. e3 g6 6. Be2 Bg7 7. O-O O-O 8. c4 Ne4 9. Qc2 e5 10. Bh2 Ng5 11. Nbd2 Nxf3+ 12. Nxf3 Re8 13. Rfd1 Qe7 14. Rac1 exd4 15. exd4 Bh6 16. Bd3 Bxc1 17. Qxc1 Qf6 18. Bf4 Nf8 19. Bg5 Qh8 20. d5 cxd5 21. cxd5 Nd7 22. Bb5 Qg7 23. Bh6 Qf6 24. Rd4 a6 25. Rf4 Qe7 26. Bxd7 Bxd7 27. Bg5 Rac8 28. Qa1 Qe2 29. b3 Rc2 30. Bh4 Rb2 31. Kh2 Qc2 32. Rc4 Qb1 33. Qxb1 Rxb1 34. Rc7 Bf5 35. Bf6 h6 36. Nd2 Rd1 37. Nc4 Rxd5 38. Rxb7 Be6 39. Ra7 Rd1 40. Nb2 Rd2 41. Kg3 g5 42. Rxa6 Rc8 43. h4 gxh4+ 44. Kf3 Rcc2 45. Na4 Rxf2+ 46. Ke3 Rxf6 0-1

[Event "Lindores Abbey Rapid Challenge"]
[Site "chess24.com INT"]
[Date "2020.05.21"]
[Round "9.6"]
[White "Daniil Dubov"]
[Black "Alireza Firouzja"]
[Result "1/2-1/2"]
[EventDate "2020.05.19"]
[WhiteElo "2699"]
[BlackElo "2728"]
[PlyCount "133"]

1. e4 c6 2. d4 d5 3. exd5 cxd5 4. c4 Nf6 5. Nc3 e6 6. Nf3 Bb4 7. cxd5 Nxd5 8. Qc2 Nc6 9. Bd3 Ba5 10. O-O Ndb4 11. Qe2 Nxd3 12. Qxd3 O-O 13. Ng5 f5 14. Rd1 Qf6 15. Nf3 Bb6 16. Bf4 h6 17. d5 Nb4 18. Qc4 Nxd5 19. Nxd5 exd5 20. Qxd5+ Be6 21. Qe5 Qf7 22. b3 Rfe8 23. Qb2 Bd5 24. Ne5 Qe6 25. Re1 Be4 26. h3 Rad8 27. Rad1 Rxd1 28. Rxd1 g5 29. Nd7 gxf4 30. Nf6+ Kf7 31. Nxe8 Qxe8 32. Rd6 Qe7 33. Rxh6 Qg5 34. Rh7+ Ke6 35. Qg7 Qxg7 36. Rxg7 Kf6 37. Rh7 f3 38. g3 Bb1 39. Rxb7 Bxa2 40. b4 Bd5 41. Rb8 Be4 42. h4 Bd5 43. Rf8+ Kg6 44. Rb8 Kh5 45. Rf8 Kg4 46. Rf6 Be4 47. Rg6+ Kh5 48. Rg5+ Kh6 49. Rg8 Kh7 50. Re8 Kg7 51. Re6 Kf7 52. Rd6 Bc2 53. Rd7+ Kf6 54. Rd6+ Ke5 55. Rg6 Bb3 56. Rg7 Kf6 57. Rd7 Bf7 58. Rd3 Bh5 59. Rd6+ Kg7 60. Rd7+ Kf6 61. Rd6+ Ke7 62. Rh6 Bf7 63. Rc6 Bd4 64. Rc7+ Kf6 65. Rd7 Bb6 66. Rd3 Bh5 67. Rd6+ 1/2-1/2

[Event "Lindores Abbey Rapid Challenge"]
[Site "chess24.com INT"]
[Date "2020.05.21"]
[Round "10.2"]
[White "Magnus Carlsen"]
[Black "Daniil Dubov"]
[Result "0-1"]
[EventDate "2020.05.19"]
[WhiteElo "2863"]
[BlackElo "2699"]
[PlyCount "82"]

1. e4 e5 2. Nf3 d6 3. d4 exd4 4. Nxd4 Nf6 5. Nc3 Be7 6. g3 O-O 7. Bg2 Re8 8. O-O c6 9. a4 a5 10. h3 Na6 11. Re1 Bf8 12. Bf4 Nc5 13. Qd2 h6 14. g4 Qb6 15. Rad1 Bd7 16. b3 Rad8 17. Bg3 Bc8 18. Kh2 g6 19. f3 Bg7 20. Qf2 h5 21. g5 h4 22. Bxh4 Nh5 23. Nce2 d5 24. exd5 Rxd5 25. f4 Rdd8 26. Nf3 Rxd1 27. Rxd1 Qc7 28. Nfg1 Ne4 29. Qe3 Bf5 30. Bf3 Re7 31. Qc1 Qb6 32. Bxh5 gxh5 33. Rf1 Re6 34. Nf3 Qc5 35. Re1 Nc3 36. Neg1 Na2 37. Qd2 Qxc2 38. Rxe6 Qxd2+ 39. Nxd2 Bxe6 40. Ne2 Nc3 41. Bf2 Nxe2 0-1